Minecraft Items - N (26.1) - Statistics

General Stats
  • This quiz has been taken 4 times
  • The average score is 21 of 32
Answer Stats
Items % Correct
Nether Brick
100%
Nether Bricks
100%
Netherite Ingot
100%
Nether Quartz
100%
Netherrack
100%
Nether Wart
100%
Nether Brick Fence
75%
Nether Brick Slab
75%
Nether Brick Stairs
75%
Netherite Axe
75%
Netherite Boots
75%
Netherite Chestplate
75%
Netherite Helmet
75%
Netherite Hoe
75%
Netherite Leggings
75%
Netherite Pickaxe
75%
Netherite Scrap
75%
Netherite Shovel
75%
Netherite Spear
75%
Netherite Sword
75%
Nether Quartz Ore
75%
Nether Wart Block
75%
Nether Brick Wall
50%
Nether Gold Ore
50%
Netherite Upgrade
50%
Name Tag
25%
Nautilus Shell
25%
Netherite Horse Armor
25%
Nether Star
25%
Netherite Nautilus Armor
0%
Nether Sprouts
0%
Note Block
0%
No matching quizzes found
Score Distribution
Percent of People with Each Score
Percentile by Number Answered
Your Score History
You have not taken this quiz